| 000 | 00741nam a2200193 a 4500 | ||
|---|---|---|---|
| 003 | 0 | ||
| 005 | 20250411100553.0 | ||
| 008 | 060802s19uu xx 00 eng d | ||
| 050 |
_aPHS RC 547 _b.T47 2006 |
||
| 100 | _aTermulo, Hazel Mae I. | ||
| 245 |
_aThe correlation of age and incidence of sleeping disorders among upper school students in Southville International School and Colleges / _cHazel Mae I. Termulo. |
||
| 260 |
_aLas PiƱas City, Philippines : _bSouthville International School and Colleges, _c2006. |
||
| 300 |
_a33 pages ; _c28 cm. |
||
| 504 | _aIncludes bibliographical references. | ||
| 650 | _aSleep disorders in adolescence. | ||
| 650 |
_aSleep _vDisorders. |
||
| 650 |
_aStudents _vMental health. |
||
| 942 |
_2lcc _cPASS |
||
| 999 |
_c97673 _d97673 |
||